<?xml version="1.0" encoding="UTF-8"?><?xml-stylesheet type="text/xsl" href="static/style.xsl"?><OAI-PMH xmlns="http://www.openarchives.org/OAI/2.0/" xmlns:xsi="http://www.w3.org/2001/XMLSchema-instance" xsi:schemaLocation="http://www.openarchives.org/OAI/2.0/ http://www.openarchives.org/OAI/2.0/OAI-PMH.xsd"><responseDate>2026-04-28T01:58:03Z</responseDate><request verb="GetRecord" identifier="oai:uvadoc.uva.es:10324/53835" metadataPrefix="marc">https://uvadoc.uva.es/oai/request</request><GetRecord><record><header><identifier>oai:uvadoc.uva.es:10324/53835</identifier><datestamp>2025-02-21T12:07:54Z</datestamp><setSpec>com_10324_1166</setSpec><setSpec>com_10324_931</setSpec><setSpec>com_10324_894</setSpec><setSpec>col_10324_1338</setSpec></header><metadata><record xmlns="http://www.loc.gov/MARC21/slim" xmlns:doc="http://www.lyncode.com/xoai" xmlns:xsi="http://www.w3.org/2001/XMLSchema-instance" xmlns:dcterms="http://purl.org/dc/terms/" xsi:schemaLocation="http://www.loc.gov/MARC21/slim http://www.loc.gov/standards/marcxml/schema/MARC21slim.xsd">
<leader>00925njm 22002777a 4500</leader>
<datafield tag="042" ind1=" " ind2=" ">
<subfield code="a">dc</subfield>
</datafield>
<datafield tag="720" ind1=" " ind2=" ">
<subfield code="a">Villanueva Barrero, Marina</subfield>
<subfield code="e">author</subfield>
</datafield>
<datafield tag="720" ind1=" " ind2=" ">
<subfield code="a">Zeleke, Workineh Abebe</subfield>
<subfield code="e">author</subfield>
</datafield>
<datafield tag="720" ind1=" " ind2=" ">
<subfield code="a">Pérez Quirce, Sandra</subfield>
<subfield code="e">author</subfield>
</datafield>
<datafield tag="720" ind1=" " ind2=" ">
<subfield code="a">Ronda Balbás, María Felicidad</subfield>
<subfield code="e">author</subfield>
</datafield>
<datafield tag="260" ind1=" " ind2=" ">
<subfield code="c">2022</subfield>
</datafield>
<datafield tag="520" ind1=" " ind2=" ">
<subfield code="a">Tef is currently being incorporated into a wide range of foodstuff due to its high nutritional&#xd;
profile. This study tries to fill the information gap on the effect of tef varieties on physico-chemical,&#xd;
nutritional and sensorial quality of gluten-free bread. Maize starch replacement at 50, 75 and&#xd;
100 g/100 g level by tef flour from three Ethiopian varieties (DZ-Cr-37, DZ-Cr-387 and DZ-01-99)&#xd;
resulted in viable gluten-free breads with acceptable sensory properties, higher mineral content and&#xd;
lower glycemic response. Tef cultivar type and blending level significantly affected bread quality.&#xd;
The 50% and 75% substitution levels and the DZ-Cr-37 variety led to the highest bread volumes with&#xd;
the lowest firmness. Breads made with DZ-01-99 variety were darker and with more reddish crust&#xd;
and crumb hues than those made with the other varieties. Breads from 100% DZ-Cr-37 achieved the&#xd;
highest hedonic scores for color, odor, taste and texture. The Ca, Fe and Mg contents of the breads&#xd;
made with 100% tef were 13, 40 and 30 times, respectively, higher than those of the control bread&#xd;
(100% maize starch), indicating tef could be used as an excellent source of these important minerals.&#xd;
In addition, the rapidly digestible starch content decreased up to 28% in breads fortified with tef flour.</subfield>
</datafield>
<datafield tag="024" ind2=" " ind1="8">
<subfield code="a">Foods, 2022, vol. 11, n. 7, 1017</subfield>
</datafield>
<datafield tag="024" ind2=" " ind1="8">
<subfield code="a">2304-8158</subfield>
</datafield>
<datafield tag="024" ind2=" " ind1="8">
<subfield code="a">https://uvadoc.uva.es/handle/10324/53835</subfield>
</datafield>
<datafield tag="024" ind2=" " ind1="8">
<subfield code="a">10.3390/foods11071017</subfield>
</datafield>
<datafield tag="024" ind2=" " ind1="8">
<subfield code="a">1017</subfield>
</datafield>
<datafield tag="024" ind2=" " ind1="8">
<subfield code="a">7</subfield>
</datafield>
<datafield tag="024" ind2=" " ind1="8">
<subfield code="a">Foods</subfield>
</datafield>
<datafield tag="024" ind2=" " ind1="8">
<subfield code="a">11</subfield>
</datafield>
<datafield tag="024" ind2=" " ind1="8">
<subfield code="a">2304-8158</subfield>
</datafield>
<datafield tag="245" ind1="0" ind2="0">
<subfield code="a">Impact of the variety of tef [Eragrostis tef (Zucc.) Trotter] on physical, sensorial and nutritional properties of gluten-free breads</subfield>
</datafield>
</record></metadata></record></GetRecord></OAI-PMH>